| 000 | 00771nas a2200277 4500 | ||
|---|---|---|---|
| 001 | BR9902416 | ||
| 003 | BR-BrBNA | ||
| 005 | 20231205101411.0 | ||
| 007 | ta | ||
| 008 | 230509b bl.|||p| |||| 00| 00por d | ||
| 040 |
_aBR-BrBNA _bpor _cBiblioteca Nacional de Agricultura |
||
| 041 | _a(Pt) | ||
| 072 | _aL73 | ||
| 100 | 1 | _aGarcia, A. | |
| 100 | 1 | _aCoelho, H.E. | |
| 100 | 1 | _aRistow, L.E. | |
| 100 | 1 | _aManzan, R.M. | |
| 245 | 1 | _aInfeccao experimental com rotavirus em frangos de corte | |
| 650 | _aFrango de Corte | ||
| 650 | _aRotavirus | ||
| 650 | _aInfeccao | ||
| 650 | _aIntestino | ||
| 773 | 0 |
_tVeterinaria Noticias (Brazil) _xISSN 0104-3463 _g(1999), v. 5(1) p. 47-50 _wBR9902416 |
|
| 909 |
_a202311 _bLúcia _c55 _dLúcia Elande |
||
| 942 |
_2AGRIS _n0 _cANA |
||
| 999 |
_c161598 _d161598 |
||